000 00881cab a2200253 4500
001 ABS57487
008 090401t1997 xxu||||| |||| 00| 0 eng d
035 _a(Sirsi) u80402
041 _aeng
100 _aSydenham, A.
245 _aMinistry Consent Tenancies
260 _c1997
350 _a0
490 _aFarm Tax Brief
_v12(8) August/September 1997, 63-64(2)
520 _aDiscusses Ministry Consent Tenancies in the light of the "Jones v Owen" case which explores the meaning of the statutory provisions and interpretation of the Minister`s consent.
650 _aAGRICULTURAL HOLDINGS ACT 1986
650 _aPROPERTY-LANDLORD AND TENANT-TENANCIES-AGRICULTURAL TENANCIES
650 _aFIVE YEAR TENANCY
650 _aJONES V OWEN
650 _aMINISTRY CONSENTS
690 _aLANDLORD AND TENANT-AGRICULTURAL TENANCIES
942 _n0
948 _c21/08/1997
999 _c50628
_d50628